Rubberisation of roads: Need of the day (Record no. 52459)

MARC details
000 -LEADER
fixed length control field 00402nam a2200109Ia 4500
100 ## - MAIN ENTRY--AUTHOR NAME
Personal name Gopalakrishnan K.S.
245 #0 - TITLE STATEMENT
Title Rubberisation of roads: Need of the day
260 ## - PUBLICATION, DISTRIBUTION, ETC. (IMPRINT)
Name of publisher In: Smruthimajari.(Ed. Kuriakose Kumbalakuzhy). Rev. Fr. Paul Pazhampally Memorial Charitable Trust, Kerala, India, pp. 174-176.
Year of publication 1998
650 ## - SUBJECT ADDED ENTRY--TOPICAL TERM
Topical Term Rubberized road
942 ## - ADDED ENTRY ELEMENTS (KOHA)
Koha item type Bibliography STAF
Holdings
Withdrawn status Lost status Damaged status Not for loan Home library Current library Date acquired Koha item type
      Bibliography RRII Library RRII Library 09/04/2014 Bibliography STAF